Europe Images Sudden Death - Statistics

General Stats
  • This quiz has been taken 46 times
  • The average score is 9 of 30
Answers on the Grid
Answers color-coded by a green-red scale on the quiz's grid according to % correct below.
 
Answer Stats
Answer % Correct
75%
69%
61%
58%
50%
50%
47%
44%
44%
42%
39%
36%
36%
28%
25%
25%
25%
22%
22%
19%
19%
17%
14%
11%
8%
6%
6%
6%
0%
0%
No matching quizzes found
Score Distribution
Percent of People with Each Score
Percentile by Number Answered
Your Score History
You have not taken this quiz